[Event "Oberliga Sued W 1314"]
[Site "Germany"]
[Date "2014.03.16"]
[Round "8.6"]
[White "Mandery, Markus"]
[Black "Werner, Dimo"]
[Result "1/2-1/2"]
[WhiteElo "2200"]
[BlackElo "2139"]
[PlyCount "36"]
[EventDate "2013.10.13"]
[EventType "team-tourn"]
[EventRounds "9"]
[EventCountry "GER"]
[SourceTitle "EXT 2015"]
[Source "ChessBase"]
[SourceDate "2014.11.20"]
[SourceVersion "1"]
[SourceVersionDate "2014.11.20"]
[SourceQuality "1"]
[WhiteTeam "Worms"]
[BlackTeam "Schott Mainz II"]
[WhiteTeamCountry "GER"]
[BlackTeamCountry "GER"]

1. d4 d5 2. Nf3 Nf6 3. Bf4 e6 4. e3 Bd6 5. Ne5 0-0 6. Nd2 c5 7. c3 Nc6 8. Bd3 Qc7 9. Ndf3 Ne4 10. Nxc6 bxc6 11. Bxd6 Qxd6 12. Qc2 cxd4 13. exd4 c5 14. Bxe4 dxe4 15. Qxe4 Rb8 16. b3 Bb7 17. Qe5 Qa6 18. dxc5 Bxf3 1/2-1/2

[Event "Oberliga Sued W 1314"]
[Site "Germany"]
[Date "2013.11.10"]
[Round "2.6"]
[White "Bauer, Bjoern Benny"]
[Black "Mandery, Markus"]
[Result "1-0"]
[WhiteElo "2005"]
[BlackElo "2200"]
[PlyCount "119"]
[EventDate "2013.10.13"]
[EventType "team-tourn"]
[EventRounds "9"]
[EventCountry "GER"]
[SourceTitle "EXT 2015"]
[Source "ChessBase"]
[SourceDate "2014.11.20"]
[SourceVersion "1"]
[SourceVersionDate "2014.11.20"]
[SourceQuality "1"]
[WhiteTeam "Gau Algesheim"]
[BlackTeam "Worms"]
[WhiteTeamCountry "GER"]
[BlackTeamCountry "GER"]

1. d4 e6 2. c4 Nf6 3. Nc3 Bb4 4. Qc2 Nc6 5. Nf3 d6 6. a3 Bxc3+ 7. Qxc3 Qe7 8. e3 a5 9. Be2 e5 10. dxe5 dxe5 11. 0-0 Bf5 12. Qb3 0-0 13. Qxb7 Be4 14. Qb3 a4 15. Qc3 Rfb8 16. b4 axb3 17. Bb2 Nd7 18. Nd2 Bc2 19. Bf3 Ra6 20. Be4 Bxe4 21. Nxe4 f5 22. Ng3 g6 23. c5 Ra4 24. Rac1 Qe6 25. Ne2 Kf7 26. Rfd1 Nf6 27. f4 Ne4 28. Qe1 Rc4 29. Rxc4 Qxc4 30. fxe5 Qxc5 31. e6+ Kxe6 32. Nf4+ Ke7 33. Rc1 Qd6 34. Qh4+ Kd7 35. Qxh7+ Ne7 36. Qg7 Qd2 37. Qd4+ Qxd4 38. exd4 g5 39. Nd3 Nd5 40. Ne5+ Ke6 41. Rc6+ Nd6 42. Nd3 f4 43. Kf2 Kf5 44. Ne5 Ke4 45. Rc1 Nf5 46. Nd7 Rb5 47. Nc5+ Rxc5 48. dxc5 Kd3 49. g3 fxg3+ 50. hxg3 Nfe3 51. a4 Kd2 52. a5 Nd1+ 53. Rxd1+ Kxd1 54. a6 c6 55. a7 Nc7 56. Be5 Na8 57. Kf3 Kc2 58. Kg4 b2 59. Bxb2 Kxb2 60. Kxg5 1-0

[Event "Oberliga Sued W 1213"]
[Site "Germany"]
[Date "2012.11.11"]
[Round "2.5"]
[White "Lang, Matthias"]
[Black "Mandery, Markus"]
[Result "1-0"]
[WhiteElo "2168"]
[BlackElo "2139"]
[PlyCount "93"]
[EventDate "2012.10.21"]
[EventType "team-tourn"]
[EventRounds "9"]
[EventCountry "GER"]
[SourceTitle "EXT 2019"]
[Source "ChessBase"]
[SourceDate "2018.10.10"]
[SourceVersion "1"]
[SourceVersionDate "2018.10.10"]
[SourceQuality "1"]
[WhiteTeam "Landau"]
[BlackTeam "Mutterstadt"]
[WhiteTeamCountry "GER"]
[BlackTeamCountry "GER"]

1. d4 Nf6 2. Nf3 e6 3. Bg5 c5 4. e3 Qb6 5. Qc1 Ne4 6. Bf4 Nc6 7. c3 d5 8. Nbd2 f5 9. Be2 Be7 10. h3 Bd7 11. Ne5 Nxe5 12. Bxe5 0-0 13. Qc2 Rac8 14. Qb3 Qc6 15. Nxe4 fxe4 16. 0-0 Bg5 17. dxc5 Qxc5 18. Qxb7 Rf7 19. b4 Qf8 20. Qa6 Rf5 21. Bd6 Qd8 22. Bc5 Rc6 23. Qxa7 e5 24. Bb5 Rc7 25. Qa5 Bxb5 26. Qxb5 Rcf7 27. Rad1 Qa8 28. a4 Bh4 29. Rd2 d4 30. Qc4 d3 31. a5 g5 32. a6 Kg7 33. a7 h5 34. Qb5 Rxa7 35. Bxa7 Qxa7 36. Qc5 Qf7 37. Rb2 g4 38. b5 gxh3 39. gxh3 Rg5+ 40. Kh2 Qg6 41. Qc7+ Kh6 42. Qc6 Qxc6 43. bxc6 Rg8 44. c7 Rc8 45. Rb6+ Kg5 46. Rg1+ Kf5 47. Rg7 1-0

[Event "Oberliga Sued W 1112"]
[Site "Germany"]
[Date "2012.02.05"]
[Round "6"]
[White "Doncevic, Dario"]
[Black "Mandery, Markus"]
[Result "1/2-1/2"]
[WhiteElo "2321"]
[BlackElo "2166"]
[PlyCount "43"]
[EventDate "2011.09.25"]
[EventType "team-tourn"]
[EventRounds "9"]
[EventCountry "GER"]
[SourceTitle "EXT 2013"]
[Source "ChessBase"]
[SourceDate "2012.11.22"]
[SourceVersion "1"]
[SourceVersionDate "2012.11.22"]
[SourceQuality "1"]
[WhiteTeam "Koblenz"]
[BlackTeam "Mutterstadt"]
[WhiteTeamCountry "GER"]
[BlackTeamCountry "GER"]

1. c4 Nf6 2. g3 e6 3. Bg2 c5 4. Nf3 Be7 5. 0-0 Qc7 6. Nc3 a6 7. b3 0-0 8. Bb2 d6 9. e3 Nbd7 10. d4 Rb8 11. Qe2 Re8 12. Rfd1 cxd4 13. Nxd4 Bf8 14. Rac1 Nc5 15. Rc2 e5 16. Nf3 e4 17. Nh4 Bg4 18. f3 exf3 19. Bxf3 Bxf3 20. Qxf3 Nce4 21. Nxe4 Nxe4 22. Rd4 1/2-1/2

[Event "Oberliga Sued W 1011"]
[Site "Germany"]
[Date "2010.10.10"]
[Round "1.2"]
[White "Becking, Stephan"]
[Black "Mandery, Markus"]
[Result "1-0"]
[WhiteElo "2368"]
[BlackElo "2104"]
[PlyCount "77"]
[EventDate "2010.10.10"]
[EventType "team-tourn"]
[EventRounds "9"]
[EventCountry "GER"]
[SourceTitle "EXT 2012"]
[Source "ChessBase"]
[SourceDate "2011.11.24"]
[SourceVersion "1"]
[SourceVersionDate "2011.11.24"]
[SourceQuality "1"]
[WhiteTeam "Illingen"]
[BlackTeam "Mutterstadt"]
[WhiteTeamCountry "GER"]
[BlackTeamCountry "GER"]

1. d4 e6 2. Nf3 Nf6 3. g3 b5 4. Bg2 Bb7 5. 0-0 c5 6. a4 b4 7. dxc5 Bxc5 8. a5 0-0 9. c3 Na6 10. Qd3 Qc8 11. Bg5 Be4 12. Qd1 Rb8 13. Nbd2 Bc6 14. Bf4 d6 15. Nb3 e5 16. Nxc5 Nxc5 17. Be3 Rd8 18. cxb4 Rxb4 19. Bxc5 dxc5 20. Qc2 e4 21. Ne5 Bb5 22. f4 exf3 23. Rxf3 Re8 24. Nd3 Rc4 25. Qb3 Ba6 26. Rxf6 gxf6 27. Bd5 Rd4 28. Bxf7+ Kg7 29. Bxe8 Qxe8 30. Nxc5 Bc8 31. Qc3 Rd5 32. e4 Re5 33. b4 Bh3 34. Re1 h5 35. Kf2 Qe7 36. Qd4 Kh7 37. Nd3 Rg5 38. Nf4 Bc8 39. Nd5 1-0

[Event "Oberliga Sued W 0910"]
[Site "Germany"]
[Date "2010.04.11"]
[Round "9.2"]
[White "Raphael, Juergen"]
[Black "Mandery, Markus"]
[Result "0-1"]
[WhiteElo "1906"]
[BlackElo "2159"]
[PlyCount "40"]
[EventDate "2009.10.18"]
[EventType "team-tourn"]
[EventRounds "9"]
[EventCountry "GER"]
[SourceTitle "EXT 2011"]
[Source "ChessBase"]
[SourceDate "2010.11.26"]
[SourceVersion "1"]
[SourceVersionDate "2010.11.26"]
[SourceQuality "1"]
[WhiteTeam "Wadgassen/Differten"]
[BlackTeam "Mutterstadt"]
[WhiteTeamCountry "GER"]
[BlackTeamCountry "GER"]

1. c3 Nf6 2. d4 e6 3. Nf3 b6 4. Bg5 Bb7 5. e3 Be7 6. Bd3 d6 7. Nbd2 Nbd7 8. Qc2 h6 9. Bxf6 Bxf6 10. Be4 d5 11. Bd3 c5 12. 0-0 g5 13. Bb5 a6 14. Bxd7+ Qxd7 15. Rad1 Qc7 16. e4 g4 17. Ne5 cxd4 18. Nxg4 Bg7 19. e5 dxc3 20. f4 Qc5+ 0-1

[Event "Oberliga Sued W 0910"]
[Site "Germany"]
[Date "2009.12.13"]
[Round "4.3"]
[White "Mandery, Markus"]
[Black "Haasler, Andreas"]
[Result "1/2-1/2"]
[WhiteElo "2159"]
[BlackElo "2242"]
[PlyCount "85"]
[EventDate "2009.10.18"]
[EventType "team-tourn"]
[EventRounds "9"]
[EventCountry "GER"]
[SourceTitle "EXT 2011"]
[Source "ChessBase"]
[SourceDate "2010.11.26"]
[SourceVersion "1"]
[SourceVersionDate "2010.11.26"]
[SourceQuality "1"]
[WhiteTeam "Mutterstadt"]
[BlackTeam "Heidesheim"]
[WhiteTeamCountry "GER"]
[BlackTeamCountry "GER"]

1. e4 c5 2. Nc3 e6 3. f4 d5 4. Nf3 dxe4 5. Bb5+ Bd7 6. Bxd7+ Qxd7 7. Nxe4 Nc6 8. b3 Nh6 9. Ng3 f6 10. Bb2 Nd4 11. 0-0 Nhf5 12. Nxf5 Nxf5 13. Qe2 Bd6 14. Rae1 0-0-0 15. Qxe6 Qxe6 16. Rxe6 Bxf4 17. g3 Bc7 18. g4 Nd6 19. Re7 Rd7 20. Rfe1 Rhd8 21. d3 Nf7 22. Rxd7 Rxd7 23. Re8+ Rd8 24. Re7 Rf8 25. h4 Kd8 26. Re2 h6 27. Kg2 Kd7 28. c4 h5 29. g5 fxg5 30. hxg5 g6 31. Bf6 Bd8 32. Bxd8 Rxd8 33. Kg3 Re8 34. Rxe8 Kxe8 35. Kf4 Ke7 36. Nh4 Nh8 37. Ke5 Nf7+ 38. Kf4 Nh8 39. Ke5 b6 40. Kd5 Kd7 41. Ke5 Ke7 42. Kd5 Kd7 43. Ke5 1/2-1/2

[Event "Oberliga Sued W 0708"]
[Site "Germany"]
[Date "2007.11.04"]
[Round "2.6"]
[White "Mandery, Markus"]
[Black "Lang, Matthias"]
[Result "1-0"]
[WhiteElo "2189"]
[BlackElo "2187"]
[PlyCount "117"]
[EventDate "2007.10.21"]
[EventType "team-tourn"]
[EventRounds "9"]
[EventCountry "GER"]
[SourceTitle "EXT 2009"]
[Source "ChessBase"]
[SourceDate "2008.11.26"]
[SourceVersion "1"]
[SourceVersionDate "2008.11.26"]
[SourceQuality "1"]
[WhiteTeam "Mutterstadt"]
[BlackTeam "Landau"]
[WhiteTeamCountry "GER"]
[BlackTeamCountry "GER"]

1. Nf3 Nf6 2. g3 g6 3. Bg2 Bg7 4. 0-0 0-0 5. d3 d6 6. e4 c5 7. Nbd2 Nc6 8. c3 Rb8 9. Nh4 b5 10. f4 Ng4 11. Ndf3 b4 12. c4 Nd4 13. h3 Nxf3+ 14. Nxf3 Nf6 15. Be3 Bd7 16. Qd2 Qc8 17. Kh2 Rb6 18. e5 Ne8 19. d4 cxd4 20. Bxd4 Rc6 21. b3 dxe5 22. fxe5 Qb8 23. Rae1 h6 24. Ba1 Bc8 25. Nd4 Rc5 26. Nc6 Qc7 27. Nxb4 Bxe5 28. Bxe5 Rxe5 29. Nd5 Rxd5 30. Bxd5 Kg7 31. Qf4 Qd7 32. Qe5+ Nf6 33. Bg2 Qe6 34. Qc5 Qa6 35. Rxe7 Kg8 36. Qf2 Bf5 37. Re5 Nh7 38. Bd5 Ng5 39. h4 Nh7 40. Rfe1 Nf6 41. Bf3 Rd8 42. Qe2 Rd4 43. Rd1 Qd6 44. c5 Qd8 45. c6 Qd6 46. Rxd4 Qxd4 47. Rxf5 gxf5 48. Qc2 f4 49. c7 fxg3+ 50. Kg2 Nd5 51. c8Q+ Kg7 52. Bxd5 Qxd5+ 53. Kxg3 Qe5+ 54. Kf2 Qf4+ 55. Ke2 Qh2+ 56. Kd1 Qg1+ 57. Kd2 Qd4+ 58. Kc1 Qg1+ 59. Kb2 1-0

[Event "RLP-ch MTB 26th"]
[Site "Ludwigshafen"]
[Date "2007.07.18"]
[Round "3"]
[White "Mandery, Markus"]
[Black "Klein, Roland"]
[Result "1/2-1/2"]
[WhiteElo "2184"]
[BlackElo "1992"]
[PlyCount "63"]
[EventDate "2007.07.13"]
[EventType "swiss"]
[EventRounds "7"]
[EventCountry "GER"]
[SourceTitle "EXT 2009"]
[Source "ChessBase"]
[SourceDate "2008.11.26"]
[SourceVersion "1"]
[SourceVersionDate "2008.11.26"]
[SourceQuality "1"]

1. e4 c5 2. Nc3 Nc6 3. g3 g6 4. Bg2 Bg7 5. d3 d6 6. Be3 e6 7. Qd2 Qa5 8. Nge2 Nd4 9. 0-0 Ne7 10. Nc1 Bd7 11. Nb3 Qb4 12. Bf4 e5 13. Bg5 f6 14. Bh6 Kf7 15. Bxg7 Kxg7 16. Qd1 Qb6 17. Nd5 Nxd5 18. exd5 Nxb3 19. axb3 f5 20. h3 f4 21. g4 Qd8 22. c3 Qh4 23. f3 a6 24. Qe1 Qxe1 25. Rfxe1 Rae8 26. Re4 Bc8 27. b4 b6 28. bxc5 bxc5 29. b4 Bb7 30. bxc5 Bxd5 31. Rea4 dxc5 32. Rxa6 1/2-1/2

[Event "RLP-ch MTB 26th"]
[Site "Ludwigshafen"]
[Date "2007.07.14"]
[Round "2"]
[White "Baust, Guenter"]
[Black "Mandery, Markus"]
[Result "0-1"]
[WhiteElo "1923"]
[BlackElo "2184"]
[PlyCount "72"]
[EventDate "2007.07.13"]
[EventType "swiss"]
[EventRounds "7"]
[EventCountry "GER"]
[SourceTitle "EXT 2009"]
[Source "ChessBase"]
[SourceDate "2008.11.26"]
[SourceVersion "1"]
[SourceVersionDate "2008.11.26"]
[SourceQuality "1"]

1. e4 e6 2. d4 d5 3. Nc3 Bb4 4. e5 c5 5. a3 Bxc3+ 6. bxc3 Ne7 7. Nf3 Qc7 8. Bd3 Nbc6 9. 0-0 Bd7 10. a4 c4 11. Be2 f6 12. exf6 gxf6 13. g3 0-0-0 14. Bf4 e5 15. Bc1 Bh3 16. Re1 e4 17. Nh4 Qd7 18. Ng2 Ng6 19. Nf4 Nxf4 20. Bxf4 Ne7 21. Qd2 Ng6 22. Kh1 h5 23. Reb1 Qf5 24. Rb5 Nxf4 25. Qxf4 Qxf4 26. gxf4 Rhg8 27. Rg1 Rxg1+ 28. Kxg1 h4 29. Kh1 b6 30. a5 bxa5 31. Rxa5 Kb7 32. Ra1 Rg8 33. Rg1 Rxg1+ 34. Kxg1 a5 35. Bf1 Bxf1 36. Kxf1 a4 0-1

[Event "Oberliga Sued W 0607"]
[Site "Germany"]
[Date "2007.03.18"]
[Round "8.6"]
[White "Mandery, Markus"]
[Black "Fischer, Peter"]
[Result "1/2-1/2"]
[WhiteElo "2148"]
[BlackElo "1999"]
[PlyCount "83"]
[EventDate "2006.10.15"]
[EventType "team-tourn"]
[EventRounds "9"]
[EventCountry "GER"]
[SourceTitle "EXT 2009"]
[Source "ChessBase"]
[SourceDate "2008.11.26"]
[SourceVersion "1"]
[SourceVersionDate "2008.11.26"]
[SourceQuality "1"]
[WhiteTeam "Ludwigshafen"]
[BlackTeam "Landau"]
[WhiteTeamCountry "GER"]
[BlackTeamCountry "GER"]

1. e4 c6 2. d3 d5 3. Nd2 dxe4 4. dxe4 e5 5. Ngf3 Nd7 6. Bc4 b5 7. Bb3 Be7 8. 0-0 Qc7 9. c3 Nc5 10. Bc2 Bg4 11. Re1 Nf6 12. Nf1 0-0 13. h3 Be6 14. b3 a5 15. Bb2 Rad8 16. Qe2 Nh5 17. Rad1 Nf4 18. Qe3 Nd7 19. N3h2 Rde8 20. Qf3 Nf6 21. Ne3 g6 22. Nhg4 Nxg4 23. hxg4 f6 24. Bc1 Bc5 25. Qg3 Re7 26. Qh4 Rd7 27. Kf1 Rxd1 28. Rxd1 Bc8 29. g3 Ne6 30. Kg2 Rf7 31. a3 Be7 32. Qh1 Bf8 33. b4 Rd7 34. Bb3 Rxd1 35. Qxd1 a4 36. Ba2 Qd7 37. Qxd7 Bxd7 38. g5 Be7 39. Ng4 Kg7 40. gxf6+ Bxf6 41. Nxf6 Kxf6 42. Bxe6 1/2-1/2

[Event "Latschach op 22nd"]
[Site "Latschach"]
[Date "2006.08.19"]
[Round "9"]
[White "Mandery, Markus"]
[Black "Hasanagic, Alim"]
[Result "1/2-1/2"]
[WhiteElo "2148"]
[BlackElo "2063"]
[PlyCount "50"]
[EventDate "2006.08.12"]
[EventType "swiss"]
[EventRounds "9"]
[EventCountry "AUT"]
[SourceTitle "CBM 113 Extra"]
[Source "ChessBase"]
[SourceDate "2006.09.14"]
[SourceVersion "1"]
[SourceVersionDate "2006.09.14"]
[SourceQuality "1"]

1. d4 Nf6 2. Nf3 g6 3. Bg5 Bg7 4. Nbd2 0-0 5. e4 d6 6. Bc4 c6 7. Bb3 h6 8. Bh4 Qe8 9. e5 Nd5 10. 0-0 Bf5 11. exd6 exd6 12. Bg3 Qe6 13. Re1 Qf6 14. h3 Rd8 15. Nc4 Na6 16. Na5 Rd7 17. c3 Rc8 18. Bxd5 cxd5 19. Qa4 Nb8 20. Qb5 b6 21. Nb3 Be6 22. Qe2 g5 23. Nc1 Nc6 24. Nd2 Qg6 25. Ndb3 Bf8 1/2-1/2

[Event "Latschach op 22nd"]
[Site "Latschach"]
[Date "2006.08.13"]
[Round "2"]
[White "Cammarota, Vittorio"]
[Black "Mandery, Markus"]
[Result "0-1"]
[WhiteElo "2002"]
[BlackElo "2148"]
[PlyCount "66"]
[EventDate "2006.08.12"]
[EventType "swiss"]
[EventRounds "9"]
[EventCountry "AUT"]
[SourceTitle "CBM 113 Extra"]
[Source "ChessBase"]
[SourceDate "2006.09.14"]
[SourceVersion "1"]
[SourceVersionDate "2006.09.14"]
[SourceQuality "1"]

1. Nf3 e6 2. d4 b6 3. e3 Bb7 4. Bd3 Nf6 5. Nbd2 d6 6. Qe2 Nbd7 7. b3 g6 8. Bb2 Bg7 9. c4 Qe7 10. 0-0 e5 11. e4 0-0 12. dxe5 dxe5 13. Rad1 a5 14. a3 Nh5 15. g3 Nc5 16. Bc2 Bc8 17. Nh4 Bh3 18. Rfe1 c6 19. Nf1 Rae8 20. Ne3 Nf4 21. Qf3 Nfe6 22. b4 axb4 23. axb4 Ng5 24. Qh1 Nce6 25. b5 cxb5 26. Nd5 Qc5 27. Re3 Ra8 28. Bc3 Rfd8 29. Bb4 Qxc4 30. Bb3 Rxd5 31. Bxc4 Rxd1+ 32. Re1 Raa1 33. Ng2 Nf3+ 0-1

[Event "Latschach op 22nd"]
[Site "Latschach"]
[Date "2006.08.13"]
[Round "3"]
[White "Mandery, Markus"]
[Black "Mencinger, Vojko"]
[Result "1/2-1/2"]
[WhiteElo "2148"]
[BlackElo "2371"]
[PlyCount "112"]
[EventDate "2006.08.12"]
[EventType "swiss"]
[EventRounds "9"]
[EventCountry "AUT"]
[SourceTitle "CBM 113 Extra"]
[Source "ChessBase"]
[SourceDate "2006.09.14"]
[SourceVersion "1"]
[SourceVersionDate "2006.09.14"]
[SourceQuality "1"]

1. e4 c5 2. Nc3 Nc6 3. g3 g6 4. Bg2 Bg7 5. d3 e6 6. Be3 d6 7. Qd2 Nd4 8. Nd1 Ne7 9. c3 Ndc6 10. f4 0-0 11. Nf3 b6 12. 0-0 Bb7 13. Bf2 Qd7 14. Ne3 Rac8 15. g4 f5 16. gxf5 gxf5 17. Bg3 Rcd8 18. exf5 Nxf5 19. Nxf5 Rxf5 20. Bh3 Rf6 21. Rae1 Re8 22. Ng5 Nd8 23. Ne4 Rh6 24. Bg4 Qc6 25. f5 exf5 26. Bxf5 Nf7 27. Qg2 d5 28. Nf2 Nd6 29. Ng4 Nxf5 30. Nxh6+ Nxh6 31. Be5 Re7 32. Rf6 Qe8 33. Re6 Nf5 34. Rxe7 Qxe7 35. Qg4 Qh4 36. Qxh4 Nxh4 37. Kf2 Bxe5 38. Rxe5 Ng6 39. Rg5 Kg7 40. Ke3 h6 41. Rg3 Bc8 42. d4 Kf6 43. dxc5 bxc5 44. b4 d4+ 45. Kd2 cxb4 46. cxb4 a6 47. Rf3+ Ke5 48. Rf7 Nh4 49. a4 Be6 50. Rf8 Bc4 51. Kc2 Nf5 52. Rc8 Ne3+ 53. Kd2 Bb3 54. b5 axb5 55. axb5 Nc4+ 56. Kd3 Nb2+ 1/2-1/2

[Event "Hassloch op 21st"]
[Site "Hassloch"]
[Date "2006.06.06"]
[Round "7"]
[White "Mandery, Markus"]
[Black "Bensch, Patrick"]
[Result "1/2-1/2"]
[WhiteElo "2137"]
[BlackElo "2279"]
[PlyCount "86"]
[EventDate "2006.06.02"]
[EventType "swiss"]
[EventRounds "7"]
[EventCountry "GER"]
[SourceTitle "CBM 112 Extra"]
[Source "ChessBase"]
[SourceDate "2006.07.14"]
[SourceVersion "1"]
[SourceVersionDate "2006.07.14"]
[SourceQuality "1"]

1. e4 c5 2. Nc3 Nc6 3. g3 g6 4. Bg2 Bg7 5. d3 d6 6. Be3 Rb8 7. f4 b5 8. e5 Bd7 9. exd6 exd6 10. Nf3 Nge7 11. 0-0 0-0 12. Nh4 Nd4 13. Qd2 Be6 14. Nd1 Qd7 15. c3 Ndf5 16. Nxf5 Nxf5 17. Bf2 Nh6 18. d4 c4 19. Ne3 d5 20. Rfe1 Rfe8 21. Nc2 a5 22. a3 Bf8 23. Bf3 Rb7 24. Re2 Reb8 25. Ne3 b4 26. axb4 axb4 27. Ra5 Rb5 28. Rxb5 Rxb5 29. Be1 Ng4 30. Nxg4 Bxg4 31. Bxg4 Qxg4 32. Re8 bxc3 33. bxc3 Qf3 34. Qe2 Qxe2 35. Rxe2 Ba3 36. Kf2 Rb2 37. Rxb2 Bxb2 38. Bd2 h5 39. h3 Kf8 40. g4 hxg4 41. hxg4 Ke7 42. Ke2 Kd7 43. Kd1 Kc6 1/2-1/2

[Event "Oberliga Sued W 0506"]
[Site "Germany"]
[Date "2006.01.29"]
[Round "6.7"]
[White "Mandery, Markus"]
[Black "Pernutz, Hans Gerhard"]
[Result "1-0"]
[WhiteElo "1960"]
[BlackElo "2118"]
[PlyCount "113"]
[EventDate "2005.10.23"]
[EventType "team-tourn"]
[EventRounds "9"]
[EventCountry "GER"]
[SourceTitle "EXT 2007"]
[Source "ChessBase"]
[SourceDate "2006.11.23"]
[SourceVersion "1"]
[SourceVersionDate "2006.11.23"]
[SourceQuality "1"]
[WhiteTeam "Ludwigshafen"]
[BlackTeam "Saarbruecken"]
[WhiteTeamCountry "GER"]
[BlackTeamCountry "GER"]

1. d4 Nf6 2. Nf3 c5 3. e3 e6 4. Bd3 b6 5. Qe2 Bb7 6. Nbd2 d6 7. b3 Nbd7 8. Bb2 Be7 9. 0-0 0-0 10. Rfe1 Re8 11. Rad1 Qc7 12. c4 Bf8 13. e4 cxd4 14. Nxd4 a6 15. Bb1 Rad8 16. Rc1 Qb8 17. Rc3 d5 18. e5 Ne4 19. Nxe4 dxe4 20. Rh3 Nc5 21. Qh5 h6 22. f4 g6 23. Qe2 Rd7 24. Rd1 Red8 25. Re3 Qa8 26. g4 Kh7 27. Kf1 Be7 28. Bc2 f5 29. gxf5 gxf5 30. Qh5 Rg8 31. Nxe6 Rxd1+ 32. Bxd1 Nxe6 33. Qf7+ Rg7 34. Qxe6 Qf8 35. Rh3 Rg6 36. Qd7 Bc8 37. Qd2 Qg7 38. Bd4 Bc5 39. Bxc5 bxc5 40. Qf2 Qd7 41. Bh5 Rg7 42. Ke1 Bb7 43. Rg3 Rxg3 44. Qxg3 Qg7 45. Kd2 Bc6 46. Qxg7+ Kxg7 47. Kc3 a5 48. a3 Kf8 49. b4 axb4+ 50. axb4 cxb4+ 51. Kxb4 Ke7 52. Kc5 Ba4 53. Kb6 Kd7 54. c5 e3 55. Bf3 Bb3 56. c6+ Kc8 57. c7 1-0

[Event "Oberliga Sued W 0506"]
[Site "Germany"]
[Date "2005.11.27"]
[Round "3.7"]
[White "Fellhauer, Clemens"]
[Black "Mandery, Markus"]
[Result "0-1"]
[WhiteElo "2051"]
[BlackElo "1960"]
[PlyCount "80"]
[EventDate "2005.10.23"]
[EventType "team-tourn"]
[EventRounds "9"]
[EventCountry "GER"]
[SourceTitle "EXT 2007"]
[Source "ChessBase"]
[SourceDate "2006.11.23"]
[SourceVersion "1"]
[SourceVersionDate "2006.11.23"]
[SourceQuality "1"]
[WhiteTeam "Mutterstadt"]
[BlackTeam "Ludwigshafen"]
[WhiteTeamCountry "GER"]
[BlackTeamCountry "GER"]

1. c4 e5 2. Nc3 Nc6 3. g3 g6 4. Bg2 Bg7 5. e4 d6 6. Nge2 Nge7 7. 0-0 0-0 8. Rb1 Be6 9. Nd5 Qd7 10. d3 f5 11. Bg5 Nc8 12. Qd2 Nd8 13. Bxd8 Qxd8 14. exf5 gxf5 15. f4 c6 16. Ne3 Qb6 17. Kh1 Ne7 18. b4 Rad8 19. b5 c5 20. Nc3 Qa5 21. Rbd1 exf4 22. Ned5 Nxd5 23. Nxd5 Qxd2 24. Rxd2 fxg3 25. hxg3 Be5 26. Bh3 Bxd5+ 27. cxd5 Bxg3 28. Bxf5 Be5 29. Rdf2 Kg7 30. Rf3 Rf6 31. Rg1+ Kh8 32. Rg5 Rdf8 33. Kg2 h6 34. Rh5 Rg8+ 35. Kf2 Bd4+ 36. Kf1 Rg1+ 37. Ke2 Rg2+ 38. Kd1 Rxa2 39. Rfh3 Kg7 40. Rg3+ Kf8 0-1

[Event "Oberliga Sued W 0405"]
[Site "Germany"]
[Date "2005.02.13"]
[Round "7.6"]
[White "Mandery, Markus"]
[Black "Silber, Gerhard"]
[Result "1/2-1/2"]
[WhiteElo "1989"]
[BlackElo "2216"]
[PlyCount "113"]
[EventDate "2004.10.03"]
[EventType "team-tourn"]
[EventRounds "9"]
[EventCountry "GER"]
[SourceTitle "EXT 2009"]
[Source "ChessBase"]
[SourceDate "2008.11.26"]
[SourceVersion "1"]
[SourceVersionDate "2008.11.26"]
[SourceQuality "1"]
[WhiteTeam "Mutterstadt"]
[BlackTeam "Landau"]
[WhiteTeamCountry "GER"]
[BlackTeamCountry "GER"]

1. e4 Nf6 2. Nc3 d5 3. e5 d4 4. exf6 dxc3 5. bxc3 gxf6 6. d4 Bf5 7. Nf3 Qd5 8. Be3 Rg8 9. c4 Qa5+ 10. Qd2 Qxd2+ 11. Kxd2 Nc6 12. Rb1 0-0-0 13. Kc3 a5 14. Nh4 Bd7 15. Be2 e5 16. d5 Bb4+ 17. Kb2 Nd4 18. Bh5 Nf5 19. Nxf5 Bxf5 20. g3 Rd7 21. a3 Bf8 22. Be2 b6 23. h4 Rd8 24. Rhg1 Bd7 25. Bh5 Be8 26. f4 Bd6 27. Rbf1 Rd7 28. g4 Kd8 29. f5 Bc5 30. Bxc5 bxc5 31. g5 Rd6 32. Kc3 fxg5 33. f6 h6 34. Kd3 Ba4 35. Bxf7 Rf8 36. Be6 Bd7 37. Bxd7 Kxd7 38. hxg5 hxg5 39. Rxg5 Rdxf6 40. Rxf6 Rxf6 41. Rxe5 Rf1 42. Kc3 Rf3+ 43. Kb2 c6 44. Re6 cxd5 45. cxd5 Rf5 46. c4 a4 47. Ra6 Rf2+ 48. Kc1 Rf3 49. Rxa4 Kd6 50. Ra6+ Ke5 51. Kb2 Kd4 52. d6 Kxc4 53. a4 Rf2+ 54. Kc1 Rf7 55. Rb6 Ra7 56. Rb8 Kd5 57. d7 1/2-1/2

[Event "Oberliga Sued W 0405"]
[Site "Germany"]
[Date "2004.11.28"]
[Round "3.6"]
[White "Mandery, Markus"]
[Black "Otterstaetter, Stefan"]
[Result "0-1"]
[WhiteElo "1989"]
[BlackElo "2159"]
[PlyCount "58"]
[EventDate "2004.10.03"]
[EventType "team-tourn"]
[EventRounds "9"]
[EventCountry "GER"]
[SourceTitle "EXT 2009"]
[Source "ChessBase"]
[SourceDate "2008.11.26"]
[SourceVersion "1"]
[SourceVersionDate "2008.11.26"]
[SourceQuality "1"]
[WhiteTeam "Mutterstadt"]
[BlackTeam "Ludwigshafen"]
[WhiteTeamCountry "GER"]
[BlackTeamCountry "GER"]

1. e4 c5 2. Nf3 Nf6 3. e5 Nd5 4. Nc3 Nxc3 5. dxc3 Nc6 6. Bc4 e6 7. Bf4 Qc7 8. Qe2 Na5 9. 0-0 Nxc4 10. Qxc4 b6 11. Rad1 Bb7 12. Ng5 Qc6 13. f3 f6 14. exf6 gxf6 15. Ne4 d5 16. Nxf6+ Kf7 17. Qe2 h5 18. Bg5 Be7 19. Nxd5 Bxg5 20. f4 Bd8 21. Ne3 Bf6 22. f5 Rag8 23. fxe6+ Qxe6 24. Rd2 Rg5 25. c4 Re8 26. Rxf6+ Qxf6 27. Rd7+ Re7 28. Qd3 Rxd7 29. Qxd7+ Qe7 0-1

[Event "GER-chT Lands U20"]
[Site "Bad Sulza"]
[Date "2004.11.18"]
[Round "5.4"]
[White "Hannes, Diana"]
[Black "Mandery, Markus"]
[Result "0-1"]
[WhiteElo "1946"]
[BlackElo "2079"]
[PlyCount "68"]
[EventDate "2004.11.15"]
[EventType "team-swiss"]
[EventRounds "7"]
[EventCountry "GER"]
[SourceTitle "EXT 2006"]
[Source "ChessBase"]
[SourceDate "2005.11.24"]
[SourceVersion "1"]
[SourceVersionDate "2005.11.24"]
[SourceQuality "1"]

1. e4 e6 2. d4 d5 3. Nc3 Bb4 4. e5 c5 5. a3 Bxc3+ 6. bxc3 Ne7 7. Qg4 0-0 8. Bd2 f5 9. Qd1 Nbc6 10. Ne2 Bd7 11. g3 Na5 12. Bg5 Rf7 13. Nc1 cxd4 14. cxd4 Qc7 15. Bd2 Nc4 16. Bxc4 dxc4 17. c3 Bc6 18. f3 f4 19. g4 Nd5 20. Rf1 Qe7 21. Qe2 Qh4+ 22. Qf2 Qh6 23. Ke2 Raf8 24. Rg1 Qg6 25. Ra2 Qb1 26. a4 a6 27. a5 b5 28. axb6 Qxb6 29. Ra1 Qb2 30. Rxa6 Nxc3+ 31. Ke1 Qc2 32. Kf1 Bxf3 33. Bxc3 Qxc3 34. Ne2 Qd3 0-1